Manual de la constitución argentina /

Guardado en:
Autor Principal: Ekmekdjian, Miguel A.
Formato: Libro
Idioma:Spanish
Publicado: Buenos Aires : Depalma, 1999.
Materias:
Etiquetas: Agregar Etiqueta
Sin Etiquetas, Sea el primero en etiquetar este registro!
LEADER 00906nam a22003015a 4500
001 EAD.bibadm002421
003 AR-BaBDC
005 20100211094135.0
008 080718s1999####ag############000#0#spa#d
245 1 0 |a Manual de la constitución argentina /  |c Miguel A. Ekmekdjian. 
260 |a Buenos Aires :  |b Depalma,  |c 1999. 
300 |a 608 p. 
020 |a 950141700X 
100 1 |a Ekmekdjian, Miguel A. 
082 0 4 |a 342.1 
650 4 |a Derecho constitucional. 
650 4 |a Argentina. 
650 4 |a Poder. 
650 4 |a Libertad. 
650 4 |a Constituciones. 
650 4 |a Derechos civiles y politicos. 
650 4 |a Garantias. 
650 4 |a Federalismo. 
650 4 |a Poder legislativo. 
650 4 |a Poder judicial. 
650 4 |a Poder ejecutivo. 
859 |a AR-BaBDC  |b BIB. ADMINISTRACION - Libros  |h 342.1  |i Ek62a4  |p b03904 
859 |a AR-BaBDC  |b BIB. ADMINISTRACION - Libros  |h 342.1  |i Ek62a4  |p b04116  |t Ej.2